| Tag |
First Indicator |
Second Indicator |
Subfields |
| LEADER |
00000cam a2200000 4500 |
| 001 |
in00004471421 |
| 005 |
20191202143039.0 |
| 008 |
750804c19671966nyuac 00010aeng |
| 010 |
|
|
|a 67024991
|
| 035 |
|
|
|a (OCoLC)01507735
|
| 035 |
|
|
|z (UtOrBLW)11341
|
| 035 |
|
|
|a 21005
|
| 040 |
|
|
|a DLC
|c GUA
|d OCL
|d TMV
|d UtOrBLW
|
| 049 |
|
|
|a TMVM
|c 1
|c 2
|
| 050 |
0 |
0 |
|a SF 613 H33
|b A3 1967
|
| 060 |
|
4 |
|a SF 613.H33
|b H328t 1967
|
| 100 |
1 |
|
|a Hart, Sue
|q (Susanne)
|
| 245 |
1 |
0 |
|a Too short a day ;
|b a woman vet in Africa /
|c by Susanne Hart.
|
| 264 |
|
1 |
|a New York :
|b Taplinger Pub. Co.,
|c [1967]
|
| 264 |
|
4 |
|c [©1966]
|
| 300 |
|
|
|a 192 pages :
|b illustrations, portraits ;
|c 23 cm.
|
| 336 |
|
|
|a text
|2 rdacontent
|b txt
|
| 337 |
|
|
|a unmediated
|2 rdamedia
|
| 338 |
|
|
|a volume
|2 rdacarrier
|b nc
|
| 650 |
|
2 |
|a Veterinarians.
|
| 650 |
|
2 |
|a Animals, Wild.
|
| 655 |
|
2 |
|a Autobiography.
|
| 999 |
|
|
|a MARS
|
| 999 |
f |
f |
|s 0c753e0c-37fc-321d-a6cd-73b85efe559c
|i bef34c67-4a6e-3f5b-8baa-4ec7b2063771
|t 0
|
| 952 |
f |
f |
|p preservation
|a Texas A&M University
|b J.J. Pickle Campus
|c High Density Repository
|d Remote Storage
|t 0
|e SF 613.H33 H328t 1967
|h National Library of Medicine classification
|i unmediated -- volume
|m 3238902150943
|
| 998 |
f |
f |
|a SF 613.H33 H328t 1967
|t 0
|l Remote Storage
|